Hit the lights (Selena Gomez) - lyrics - Statistics

General Stats
  • This quiz has been taken 11 times
  • The average score is 280 of 344
Answer Stats
Answer % Correct
a
100%
go
100%
"I
100%
it
100%
It's
100%
let
100%
Let
100%
like
100%
the
100%
to
100%
you
100%
you"
100%
all
88%
an
88%
boy
88%
Hit
88%
let's
88%
lights
88%
move
88%
music
88%
never
88%
on
88%
one
88%
told
88%
tonight
88%
too
88%
way
88%
when
88%
your
88%
you're
88%
yourself
88%
alive
75%
and
75%
away
75%
But
75%
damn
75%
do
75%
fly
75%
for
75%
get
75%
girl
75%
Lose
75%
love
75%
mad,
75%
mad
75%
of
75%
perfect
75%
scared
75%
So
75%
take
75%
that
75%
time
75%
try
75%
up
75%
Vegas
75%
world
75%
before
63%
catch
63%
Cause
63%
city
63%
Come
63%
control
63%
day
63%
die
63%
From
63%
Gotta
63%
make
63%
moment
63%
out
63%
plane
63%
saw
63%
screwed
63%
totally
63%
train
63%
waits
63%
walked
63%
wanna
63%
We
63%
by
50%
came
50%
could
50%
freaked
50%
good
50%
money
50%
night
50%
passes
50%
saving
50%
swear
50%
Things
50%
you'll
50%
brain
38%
change
38%
dance
38%
didn't
38%
dreams
38%
dying
38%
escape
38%
forever
38%
life
38%
past
38%
raise
38%
true
38%
While
38%
Yeah
38%
fight
25%
floor
25%
glasses
25%
had
25%
People
25%
Still
25%
tryna
25%
rafters
13%
No matching quizzes found
Score Distribution
Percent of People with Each Score
Percentile by Number Answered
Your Score History
You have not taken this quiz